<?xml version="1.0" encoding="UTF-8"?>
<record
    xmlns:xsi="http://www.w3.org/2001/XMLSchema-instance"
    xsi:schemaLocation="http://www.loc.gov/MARC21/slim http://www.loc.gov/standards/marcxml/schema/MARC21slim.xsd"
    xmlns="http://www.loc.gov/MARC21/slim">

  <leader>00681cam a22002294a 4500</leader>
  <controlfield tag="003">SISC</controlfield>
  <controlfield tag="005">20160224131438.0</controlfield>
  <controlfield tag="008">010302s2001    nyu           001 0 eng  </controlfield>
  <datafield tag="010" ind1=" " ind2=" ">
    <subfield code="a">  2001030489</subfield>
  </datafield>
  <datafield tag="020" ind1=" " ind2=" ">
    <subfield code="a">0071363025 (pbk. : acidfree paper)</subfield>
  </datafield>
  <datafield tag="050" ind1="0" ind2="0">
    <subfield code="a">QA 43 </subfield>
    <subfield code="b">.W36 2002</subfield>
  </datafield>
  <datafield tag="082" ind1="0" ind2="0">
    <subfield code="a">HS 510.76 </subfield>
    <subfield code="b">W36 2001</subfield>
  </datafield>
  <datafield tag="100" ind1="1" ind2=" ">
    <subfield code="a">Goldberg, David E.</subfield>
    <subfield code="q">(David Elliott),</subfield>
    <subfield code="d">1932-</subfield>
    <subfield code="9">12506</subfield>
  </datafield>
  <datafield tag="245" ind1="1" ind2="0">
    <subfield code="a">How to solve word problems in chemistry /</subfield>
    <subfield code="c">David E.  Goldberg.</subfield>
  </datafield>
  <datafield tag="260" ind1=" " ind2=" ">
    <subfield code="a">New York :</subfield>
    <subfield code="b">McGraw-Hill,</subfield>
    <subfield code="c">c2002.</subfield>
  </datafield>
  <datafield tag="300" ind1=" " ind2=" ">
    <subfield code="a">231 p. :</subfield>
    <subfield code="c">22 cm.</subfield>
  </datafield>
  <datafield tag="650" ind1=" " ind2="0">
    <subfield code="a">Chemistry</subfield>
    <subfield code="v">Problems, exercises, etc.</subfield>
    <subfield code="9">12507</subfield>
  </datafield>
  <datafield tag="942" ind1=" " ind2=" ">
    <subfield code="2">lcc</subfield>
    <subfield code="c">BK</subfield>
  </datafield>
  <datafield tag="999" ind1=" " ind2=" ">
    <subfield code="c">9122</subfield>
    <subfield code="d">9122</subfield>
  </datafield>
  <datafield tag="952" ind1=" " ind2=" ">
    <subfield code="0">0</subfield>
    <subfield code="1">0</subfield>
    <subfield code="2">lcc</subfield>
    <subfield code="4">0</subfield>
    <subfield code="a">LUX</subfield>
    <subfield code="b">LUX</subfield>
    <subfield code="c">HS</subfield>
    <subfield code="d">2013-09-02</subfield>
    <subfield code="l">1</subfield>
    <subfield code="o">QA 43  .W36 2002</subfield>
    <subfield code="p">11888</subfield>
    <subfield code="r">2019-10-02 00:00:00</subfield>
    <subfield code="s">2019-09-25</subfield>
    <subfield code="t">3</subfield>
    <subfield code="w">2013-09-02</subfield>
    <subfield code="y">BK</subfield>
  </datafield>
</record>
